| 000 | 01893nam a22002777a 4500 | ||
|---|---|---|---|
| 001 | 4616 | ||
| 003 | FISKH | ||
| 005 | 20240918103939.0 | ||
| 008 | 240918b cb ||||| |||| 00| 0 eng d | ||
| 040 |
_aFISKH _bBilingual _cFISKH _dFISKH |
||
| 050 | _aPZ7 | ||
| 082 | _a800 | ||
| 100 |
_aAnonymous _eauthor |
||
| 245 |
_aកង្កែប កណ្តុរ និងសត្វស្ទាំង / _cby Anonymous |
||
| 300 |
_a16 pages : _bcolor illustrations ; _c22 cm . |
||
| 490 | _aនិទានអប់រំគំនិត | ||
| 505 | _aH | ||
| 520 | _aកង្កែបនិងកណ្តុរជាមិត្តនិងគ្នា។ ថ្ងៃមួយកង្កែបបានយកខ្សែរមកចងជើងវាជាប់នឺងជើងកណ្តុរ។ ពួកវាបានទៅដល់មាត់ត្រពាំងមួយហើយកង្កែបក៏លោតចូលក្នុងទីក ហើយកណ្តុរក៏លង់ទឺកស្លាប់បាត់ទៅ។ ក្រោយមកក៏មានសត្វស្ទាំងបានស្រង់កណ្តុរនិងកង្កែបចេញពីទឺក ធ្វើអោយសត្វស្ទាំងបានចំណីពីរក្នុងពេលតែមួយ។ | ||
| 520 | _aFrog and mouse are friends. One day, a frog tied a rope around its legs with a mouse's leg. They reached the mouth of a pond, and the frog jumped into the pond and the rat drowned. Later, hawks pulled mouse and frog out of the water, giving the hawk two feeds at a time. | ||
| 521 | 8 |
_a430
_bLexile estimate |
|
| 521 | 8 |
_aH
_bRaz-Plus |
|
| 650 |
_aកង្កែប _vរឿងនិទានកុមារ |
||
| 650 |
_afrog _vchildren's stories |
||
| 942 |
_2ddc _cKHB _n0 |
||
| 999 |
_c4616 _d4616 |
||